A first course in network theory / (Record no. 23368)
[ view plain ]
| 000 -LEADER | |
|---|---|
| fixed length control field | 01926cam a22003855a 4500 |
| 001 - CONTROL NUMBER | |
| control field | 18358031 |
| 005 - DATE AND TIME OF LATEST TRANSACTION | |
| control field | 20201128024023.0 |
| 008 - FIXED-LENGTH DATA ELEMENTS--GENERAL INFORMATION | |
| fixed length control field | 141103s20152015enka frb 001 0 eng d |
| 010 ## - LIBRARY OF CONGRESS CONTROL NUMBER | |
| LC control number | 2014955860 |
| 015 ## - NATIONAL BIBLIOGRAPHY NUMBER | |
| National bibliography number | GBB4D2867 |
| Source | bnb |
| 016 7# - NATIONAL BIBLIOGRAPHIC AGENCY CONTROL NUMBER | |
| Record control number | 016954040 |
| Source | Uk |
| 020 ## - INTERNATIONAL STANDARD BOOK NUMBER | |
| International Standard Book Number | 9780198726463 (pbk.) |
| 020 ## - INTERNATIONAL STANDARD BOOK NUMBER | |
| International Standard Book Number | 0198726465 (pbk.) |
| 035 ## - SYSTEM CONTROL NUMBER | |
| System control number | (OCoLC)ocn893905206 |
| 040 ## - CATALOGING SOURCE | |
| Original cataloging agency | NLGGC |
| Language of cataloging | eng |
| Transcribing agency | NLGGC |
| Modifying agency | BDX |
| -- | BTCTA |
| -- | UKMGB |
| -- | OCLCQ |
| -- | CDX |
| -- | YDXCP |
| -- | OUP |
| -- | ORU |
| -- | UUM |
| -- | EYM |
| -- | TXI |
| -- | ACM |
| -- | DLC |
| -- | EG-ScBUE |
| 042 ## - AUTHENTICATION CODE | |
| Authentication code | lccopycat |
| 082 04 - DEWEY DECIMAL CLASSIFICATION NUMBER | |
| Edition number | 22 |
| Classification number | 003.72 |
| Item number | EST |
| 100 1# - MAIN ENTRY--PERSONAL NAME | |
| Personal name | Estrada, Ernesto, |
| Dates associated with a name | 1966- |
| 9 (RLIN) | 41695 |
| 245 12 - TITLE STATEMENT | |
| Title | A first course in network theory / |
| Statement of responsibility, etc | Ernesto Estrada, Philip A. Knight. |
| 250 ## - EDITION STATEMENT | |
| Edition statement | 1st impression. |
| 260 ## - PUBLICATION, DISTRIBUTION, ETC. (IMPRINT) | |
| Place of publication, distribution, etc | Oxford : |
| Name of publisher, distributor, etc | Oxford University Press, |
| Date of publication, distribution, etc | 2015. |
| 300 ## - PHYSICAL DESCRIPTION | |
| Extent | xiv, 254 p. : |
| Other physical details | ill. (some col.) ; |
| Dimensions | 26 cm. |
| 500 ## - GENERAL NOTE | |
| General note | Index : p. 251-254. |
| 504 ## - BIBLIOGRAPHY, ETC. NOTE | |
| Bibliography, etc | Includes bibliographical references. |
| 505 0# - FORMATTED CONTENTS NOTE | |
| Formatted contents note | Introduction to network theory -- General concepts in network theory -- How to prove it -- Data analysis and manipulation -- Algebraic concepts in network theory -- Spectra of adjacency matrices -- The network Laplacian -- Classical physics analogies -- Degree distributions -- Clustering coefficients of networks -- Random models of networks -- Matrix functions -- Fragment-based measures -- Classical node centrality -- Spectral node centrality -- Quantum physics analogies -- Global properties of networks I -- Global properties of networks II -- Communicability in networks -- Statistical physics analogies -- Communities in networks. |
| 590 ## - LOCAL NOTE (RLIN) | |
| Local note | Wessam |
| 650 #7 - SUBJECT ADDED ENTRY--TOPICAL TERM | |
| Topical term or geographic name as entry element | System analysis. |
| Source of heading or term | BUEsh |
| 9 (RLIN) | 734 |
| 650 #7 - SUBJECT ADDED ENTRY--TOPICAL TERM | |
| Topical term or geographic name as entry element | Network analysis (Planning). |
| Source of heading or term | BUEsh |
| 9 (RLIN) | 35688 |
| 650 #7 - SUBJECT ADDED ENTRY--TOPICAL TERM | |
| Topical term or geographic name as entry element | Graph theory. |
| Source of heading or term | BUEsh |
| 9 (RLIN) | 3997 |
| 651 ## - SUBJECT ADDED ENTRY--GEOGRAPHIC NAME | |
| Source of heading or term | BUEsh |
| 653 ## - INDEX TERM--UNCONTROLLED | |
| Resource For college | Engineering, Electrical |
| Arrived date list | November2016 |
| 653 ## - INDEX TERM--UNCONTROLLED | |
| Resource For college | Informatics and Computer Science |
| Arrived date list | November2016 |
| 700 1# - ADDED ENTRY--PERSONAL NAME | |
| Personal name | Knight, Philip A., |
| Dates associated with a name | 1968- |
| 9 (RLIN) | 41696 |
| 942 ## - ADDED ENTRY ELEMENTS (KOHA) | |
| Source of classification or shelving scheme | Dewey Decimal Classification |
| Edition | 22 |
| Call number prefix | 003.72 EST |
| Withdrawn status | Item status | Source of classification or shelving scheme | Damaged status | Not for loan | Vendor | Home library | Current library | Shelving location | Date acquired | Source of acquisition | Cost, normal purchase price | Serial Enumeration / chronology | Total Checkouts | Full call number | Barcode | Date last seen | Cost, replacement price | Koha item type |
|---|---|---|---|---|---|---|---|---|---|---|---|---|---|---|---|---|---|---|
| Dewey Decimal Classification | Alahram | Central Library | Central Library | Lower Floor | 28/11/2016 | Purchase | 389.00 | 117 | 003.72 EST | 000034817 | 15/07/2025 | 486.25 | Book - Borrowing |